<?xml version="1.0" encoding="UTF-8"?>
<collection xmlns="http://www.loc.gov/MARC21/slim">
 <record>
  <leader>     na                 </leader>
  <controlfield tag="001">INLIS000000000014274</controlfield>
  <controlfield tag="005">20220424062721</controlfield>
  <datafield tag="035" ind1=" " ind2=" ">
   <subfield code="a">0010-1117000109</subfield>
  </datafield>
  <datafield tag="245" ind1=" " ind2=" ">
   <subfield code="a">Intisari Veda :</subfield>
   <subfield code="b">Pesan Tuhan Untuk Kesejahteraan Umat Manusia /</subfield>
   <subfield code="c">Dr. Mahendra Mittal</subfield>
  </datafield>
  <datafield tag="250" ind1=" " ind2=" ">
   <subfield code="a">Ed 1</subfield>
  </datafield>
  <datafield tag="020" ind1=" " ind2=" ">
   <subfield code="a">797722323x</subfield>
  </datafield>
  <datafield tag="260" ind1=" " ind2=" ">
   <subfield code="a">Surabaya :</subfield>
   <subfield code="b">Paramitha</subfield>
  </datafield>
  <controlfield tag="008">220424                           0 ind  </controlfield>
  <datafield tag="082" ind1=" " ind2=" ">
   <subfield code="a">294 5</subfield>
  </datafield>
  <datafield tag="084" ind1=" " ind2=" ">
   <subfield code="a">294 5  MIT i</subfield>
  </datafield>
  <datafield tag="300" ind1=" " ind2=" ">
   <subfield code="a">248 hlm + xxiv :</subfield>
   <subfield code="b">Ilus. ;</subfield>
   <subfield code="c">20,5 cm x 14,5 cm</subfield>
  </datafield>
  <datafield tag="990" ind1=" " ind2=" ">
   <subfield code="a">033340</subfield>
  </datafield>
  <datafield tag="990" ind1=" " ind2=" ">
   <subfield code="a">33.341</subfield>
  </datafield>
  <datafield tag="990" ind1=" " ind2=" ">
   <subfield code="a">41755</subfield>
  </datafield>
  <datafield tag="990" ind1=" " ind2=" ">
   <subfield code="a">41756</subfield>
  </datafield>
 </record>
</collection>
